|
|
|
|
| LEADER |
01531cam a2200337 a 4500 |
| 001 |
c000261794 |
| 003 |
CARM |
| 005 |
20070531113732.0 |
| 008 |
940912s1993 nyua b 101 0 eng d |
| 010 |
|
|
|a 93093270
|
| 019 |
1 |
|
|a 11135243
|5 LACONCORD2021
|
| 020 |
|
|
|a 0791810356
|
| 035 |
|
|
|a (OCoLC)29987465
|5 LACONCORD2021
|
| 040 |
|
|
|a LC
|b eng
|c LC
|d LC
|
| 042 |
|
|
|a lccopycat
|
| 050 |
|
4 |
|a TK7870.15
|b .E424 1993
|
| 082 |
0 |
0 |
|a 621.381/046
|2 20
|
| 245 |
0 |
0 |
|a Electronic packaging reliability :
|b presented at the 1993 ASME Winter Annual Meeting, New Orleans, Louisiana, November 28-December 3, 1993 /
|c sponsored by the Electrical and Electronic Packaging Division, ASME ; edited by Luu T. Nguyen, Michael G. Pecht.
|
| 260 |
|
|
|a New York :
|b American Society of Mechanical Engineers,
|c c1993.
|
| 300 |
|
|
|a v, 131 p. :
|b ill. ;
|c 28 cm.
|
| 490 |
1 |
|
|a EEP ;
|v vol. 6
|
| 504 |
|
|
|a Includes bibliographical references and index.
|
| 650 |
|
0 |
|a Electronic packaging
|x Reliability
|v Congresses.
|
| 700 |
1 |
|
|a Pecht, Michael.
|
| 700 |
1 |
|
|a Nguyen, Luu T.
|
| 710 |
2 |
|
|a American Society of Mechanical Engineers.
|b Winter Meeting
|d (1993 :
|c New Orleans, La.)
|
| 710 |
2 |
|
|a American Society of Mechanical Engineers.
|b Electrical and Electronic Packaging Division.
|
| 830 |
|
0 |
|a EEP (Series) ;
|v vol. 6.
|
| 852 |
8 |
|
|b CARM
|h A1:AO02E0
|i F02138
|p 0377552
|f BK
|
| 999 |
f |
f |
|i da2cca70-638b-510b-92dd-435d4dbd75d7
|s 2a621d18-db1b-5ca8-aa30-150aa956bc88
|
| 952 |
f |
f |
|p Can circulate
|a CAVAL
|b CAVAL
|c CAVAL
|d CARM 1 Store
|e F02138
|f A1:AO02E0
|h Other scheme
|i book
|m 0377552
|